Queen Mary. A life and intimate study. By Kathleen Woodward

محفوظ في:
التفاصيل البيبلوغرافية
المؤلف الرئيسي: Woodward, Kathleen (مؤلف)
التنسيق: كتاب
اللغة:الإنجليزية
منشور في: Londres Hutchinson & Co., Paternoster Row 1923
الطبعة:1a. ed
الموضوعات:
الوسوم: إضافة وسم
لا توجد وسوم, كن أول من يضع وسما على هذه التسجيلة!

MARC

LEADER 00000nam a2200000 a 4500
001 UCJ4066
003 CL-VaPUC
008 070124e19230000UK |||||||||||||||||eng|d
082 0 4 |a 923  |b MAR  |2 21 
100 0 |a Woodward, Kathleen  |e author  |9 506931 
245 1 0 |a Queen Mary. A life and intimate study. By Kathleen Woodward 
250 |a 1a. ed 
300 |a xiv, 276 p 
942 |c BK 
945 |d 20070124 00:00:00  |a rinostro 
260 |a Londres  |b Hutchinson & Co., Paternoster Row  |c 1923 
500 |a Front.: Fotografía, a color, de S. M. la Reina María de Inglaterra. Resto de la iconografía conforme a lo señalado en índice  
600 0 7 |a MARIA DE INGLATERRA  |2 CL-VaPUC  |9 506932 
650 0 |a Historia de Inglaterra  |9 376029 
650 7 |a BIOGRAFIA  |2 CL-VaPUC  |9 504622 
650 0 |a Historia  |9 255047 
650 7 |a MONARCAS INGLESES  |2 CL-VaPUC  |9 506933 
650 7 |a GUERRA MUNDIAL,I  |2 CL-VaPUC  |9 399774 
650 0 |a Iconografía   |9 267998 
583 |a last modification  |c 20070124 00:00:00  |k Rodrigo Vera 
999 |c 320183  |d 320181 
952 |0 0  |1 0  |4 0  |6 923_000000000000000_MAR_1923  |7 0  |8 X  |9 398659  |a FDOBUD  |b FDOBUD  |d 2019-11-22  |i 1013025  |o 923 MAR 1923  |p 1013025  |r 2019-11-22  |w 2019-11-22  |y BK_X  |k BUD